Advances in Meta-Analysis

Meta-analysis is used increasingly in the social sciences to synthesize research results.  As both primary research and the questions addressed by meta-analysis have been grown more complex, meta-analysis techniques have evolved to address these issues.  This book covers a number of advances in meta...

Πλήρης περιγραφή

Λεπτομέρειες βιβλιογραφικής εγγραφής
Κύριος συγγραφέας: Pigott, Terri D. (Συγγραφέας)
Συγγραφή απο Οργανισμό/Αρχή: SpringerLink (Online service)
Μορφή: Ηλεκτρονική πηγή Ηλ. βιβλίο
Γλώσσα:English
Έκδοση: Boston, MA : Springer US, 2012.
Σειρά:Statistics for Social and Behavioral Sciences
Θέματα:
Διαθέσιμο Online:Full Text via HEAL-Link
LEADER 03262nam a22004335i 4500
001 978-1-4614-2278-5
003 DE-He213
005 20150519190502.0
007 cr nn 008mamaa
008 120130s2012 xxu| s |||| 0|eng d
020 |a 9781461422785  |9 978-1-4614-2278-5 
024 7 |a 10.1007/978-1-4614-2278-5  |2 doi 
040 |d GrThAP 
050 4 |a QA276-280 
072 7 |a JHBC  |2 bicssc 
072 7 |a SOC027000  |2 bisacsh 
082 0 4 |a 519.5  |2 23 
100 1 |a Pigott, Terri D.  |e author. 
245 1 0 |a Advances in Meta-Analysis  |h [electronic resource] /  |c by Terri D. Pigott. 
264 1 |a Boston, MA :  |b Springer US,  |c 2012. 
300 |a XIV, 158 p.  |b online resource. 
336 |a text  |b txt  |2 rdacontent 
337 |a computer  |b c  |2 rdamedia 
338 |a online resource  |b cr  |2 rdacarrier 
347 |a text file  |b PDF  |2 rda 
490 1 |a Statistics for Social and Behavioral Sciences 
505 0 |a Rationale and overview of the book -- Complexities of primary research and meta-analysis -- Fixed, random, and mixed models -- Correlations -- Effect sizes -- Proportion/odds ratio data -- Dependence in primary research and meta-analysis -- Correlations --  Effect sizes (group comparisons and change measures) -- Proportion/odds ratio data -- Bayesian approaches -- Missing data --  Combining across designs -- Qualitative studies in synthesis -- Quality assessments -- Studies on quality weighting -- Summary/Conclusions. 
520 |a Meta-analysis is used increasingly in the social sciences to synthesize research results.  As both primary research and the questions addressed by meta-analysis have been grown more complex, meta-analysis techniques have evolved to address these issues.  This book covers a number of advances in meta-analysis that are not covered in detail in many introductory books on research synthesis.  More specifically, this book discusses the planning of a meta-analysis for complex questions, computing power for tests in meta-analysis, handling missing data in meta-analysis, integrating individual data into a traditional meta-analysis and generalizing from the results of a meta-analysis.  For each topic, a fully annotated example is provided with sample computer programs for the major statistical packages.  This book assumes a familiarity with basic meta-analytic techniques.  The goal of the book is to provide researchers with advanced strategies for strengthening the planning, conduct and interpretations of meta-analysis with complex data. Terri D. Pigott is a Professor of Research Methodology in Loyola University Chicago’s School of Education.  Her research interests are in developing new methods for meta-analysis, and the use of meta-analysis in public policy. 
650 0 |a Statistics. 
650 1 4 |a Statistics. 
650 2 4 |a Statistics for Social Science, Behavorial Science, Education, Public Policy, and Law. 
650 2 4 |a Statistics, general. 
710 2 |a SpringerLink (Online service) 
773 0 |t Springer eBooks 
776 0 8 |i Printed edition:  |z 9781461422778 
830 0 |a Statistics for Social and Behavioral Sciences 
856 4 0 |u http://dx.doi.org/10.1007/978-1-4614-2278-5  |z Full Text via HEAL-Link 
912 |a ZDB-2-SMA 
950 |a Mathematics and Statistics (Springer-11649)